=LDR 00000nam 2200000 4500 =001 NUTBA000000000005385 =005 20200916083828 =035 ##$$a 0010-101400000000615 =008 200916################g##########0#ind## =020 ##$$a 979-420-572-9 =082 ##$$a 304.2 =090 ##$$a 304.2 Mar m =100 #$$a Maryono, Agus =245 1#$$a Menangani banjir, kekeringan dan lingkungan /$c Agus Maryono =260 ##$$a Yogyakarta :$b Gadjah Mada University Press,$c 2005 =300 ##$$a vii, 165 hlm : $b ilus ; $c 25 x 17,5 cm. =084 ##$$a 304.2 MAR m =250 ##$$a cet. 1 =650 #4$$a Lingkungan Hidup =520 ##$$a Bibliografi hlm. 157-160 =520 ##$$a Indeks hlm. 161-162 =520 ##$$a Biografi hlm. 165 =990 ##$$a 8122 =990 ##$$a 8123 =990 ##$$a 8124 =990 ##$$a 1201512543